[Event "Oslo Chess Festival 2017 "]
[Site "Quality Hotel Expo, Fornebu"]
[Date "2017.09.29"]
[Round "2"]
[White "Stark, Lars"]
[Black "Bentsen, Håkon"]
[Result "1/2-1/2"]
[WhiteElo "2397"]
[BlackElo "2071"]
[PlyCount "119"]
[EventDate "2017.??.??"]

1. c4 Nf6 2. g3 e6 3. Bg2 d5 4. Nf3 Be7 5. O-O O-O 6. Ne5 Nc6 7. Nxc6 bxc6 8.
d4 dxc4 9. Na3 Bxa3 10. Bxc6 Bb7 11. Bxb7 Rb8 12. bxa3 Rxb7 13. Bg5 Qd5 14.
Bxf6 gxf6 15. e3 c5 16. Qg4+ Qg5 17. Qf3 Rc7 18. h4 Qf5 19. Qxf5 exf5 20. d5
Rd8 21. Rfd1 Rcd7 22. Rac1 Rxd5 23. Rxd5 Rxd5 24. Rxc4 Rd3 25. Ra4 Rd2 26. Rxa7
Rxa2 27. Rc7 Rc2 28. a4 h5 29. a5 Kg7 30. a6 Kg6 31. a7 Ra2 32. Kf1 c4 33. Ke1
c3 34. Kd1 c2+ 35. Kd2 Kg7 36. f3 Kg6 37. e4 fxe4 38. fxe4 Kg7 39. Kc1 Kg6 40.
Rc6 Kg7 41. Rc7 Kg6 42. Kd2 Kg7 43. Rxc2 Rxa7 44. Ke3 Ra1 45. Rf2 Kg6 46. Kf4
Ra4 47. Re2 f5 48. Kf3 fxe4+ 49. Rxe4 Rxe4 50. Kxe4 f6 51. Kf4 Kg7 52. Ke3 Kf7
53. Kf3 Ke6 54. Kf4 Ke7 55. Ke3 Ke6 56. Kf4 Ke7 57. Kf3 Ke6 58. Ke4 Ke7 59. Kd5
Kd7 60. Ke4
1/2-1/2

[Event "Oslo Chess Festival 2017 "]
[Site "Quality Hotel Expo, Fornebu"]
[Date "2017.09.29"]
[Round "2"]
[White "Federovski, Adi"]
[Black "Haug, Johannes"]
[Result "0-1"]
[WhiteElo "2030"]
[BlackElo "2379"]
[PlyCount "62"]
[EventDate "2017.??.??"]

1. e4 c6 2. Nc3 d5 3. Nf3 Bg4 4. h3 Bxf3 5. Qxf3 e6 6. Be2 Nf6 7. O-O Bc5 8.
Rd1 Bd4 9. d3 O-O 10. Bf4 Nbd7 11. Qg3 Qb6 12. Rab1 e5 13. Bg5 Kh8 14. Rf1 h6
15. Bd2 Qc5 16. b4 Qe7 17. Nd1 dxe4 18. Ne3 Qe6 19. Rb3 Rad8 20. Qh4 exd3 21.
Bxd3 e4 22. Bc4 Qe5 23. Bc1 Kh7 24. Ng4 Nxg4 25. hxg4 g5 26. Qh3 Nb6 27. Be2
Nd5 28. Bd1 Nc3 29. Kh1 Qf6 30. Be3 Bxe3 31. Qxe3 Nxd1
0-1

[Event "Oslo Chess Festival 2017 "]
[Site "Quality Hotel Expo, Fornebu"]
[Date "2017.09.29"]
[Round "2"]
[White "Lindbøl, Aleksander"]
[Black "Devereaux, Maxim L"]
[Result "0-1"]
[WhiteElo "2006"]
[BlackElo "2357"]
[PlyCount "142"]
[EventDate "2017.??.??"]

1. c4 e5 2. g3 Nf6 3. Bg2 c6 4. e4 Bc5 5. Nc3 d6 6. Nge2 Be6 7. d3 Ng4 8. O-O
Qf6 9. Qe1 h5 10. h4 a6 11. Na4 Nd7 12. Bg5 Qg6 13. Nxc5 Nxc5 14. Qc3 f6 15.
Bd2 a5 16. f3 Nh6 17. Be3 Qf7 18. b3 Qc7 19. Rfd1 Nf7 20. Rac1 Na6 21. d4 c5
22. dxc5 dxc5 23. Qb2 O-O 24. Rd2 Rfd8 25. Nc3 b6 26. Rcd1 Nb4 27. Nd5 Qa7 28.
a4 Nc6 29. Rc1 Rac8 30. Kh2 Nd4 31. Qa3 Bxd5 32. cxd5 Rc7 33. Qb2 Re7 34. Re1
Qc7 35. Rc1 Qd6 36. Re1 Rf8 37. Qa3 f5 38. f4 fxe4 39. fxe5 Rxe5 40. Bxd4 cxd4
41. Qxd6 Nxd6 42. Rxd4 g6 43. Kg1 Kg7 44. Rd2 Rc8 45. Re3 Rc5 46. Rde2 Rcxd5
47. Bxe4 Nxe4 48. Rxe4 Rxe4 49. Rxe4 Rd3 50. Kf2 Rxb3 51. Re6 Rb4 52. Rc6 Kf7
53. Kf3 Rxa4 54. Rxb6 Rg4 55. Ra6 a4 56. Rd6 Ke7 57. Rd3 Rb4 58. Rd5 Ke6 59.
Ra5 Rg4 60. Kf2 Kd6 61. Kf3 Kc6 62. Kf2 Kb6 63. Ra8 Kb5 64. Kf3 Kb4 65. Rb8+
Kc3 66. Ra8 Kb3 67. Rb8+ Rb4 68. Re8 a3 69. Re3+ Ka4 70. Re6 a2 71. Re8 Ka3
0-1

[Event "Oslo Chess Festival 2017 "]
[Site "Quality Hotel Expo, Fornebu"]
[Date "2017.09.29"]
[Round "2"]
[White "Maksimovic, Branimir"]
[Black "Bruaset, Eivind"]
[Result "0-1"]
[WhiteElo "2343"]
[BlackElo "2012"]
[PlyCount "146"]
[EventDate "2017.??.??"]

1. e4 e6 2. d4 d5 3. Nc3 Bb4 4. e5 c5 5. a3 Bxc3+ 6. bxc3 Qa5 7. Bd2 Qa4 8. Qg4
g6 9. Nf3 c4 10. Be2 Qxc2 11. O-O h6 12. Bd1 Qf5 13. Qg3 g5 14. Ra2 Qg6 15. Bc2
Qh5 16. Bd1 Qg6 17. h4 gxh4 18. Qxh4 Ne7 19. Bc2 Nf5 20. Qh3 Qg7 21. g3 Nc6 22.
Kg2 Nce7 23. Rb2 b6 24. a4 Bd7 25. a5 b5 26. a6 Kd8 27. Rh1 Rb8 28. Bg5 Rg8 29.
Bf6 Qf8 30. Kf1 Kc7 31. g4 Ng6 32. gxf5 Qa3 33. fxg6 Qxb2 34. Ne1 fxg6 35. Be7
Rb6 36. Bd6+ Kc6 37. Qxh6 Rxa6 38. Qd2 Rb6 39. Ke2 Qa1 40. Rg1 Qa6 41. Rxg6 Qc8
42. Qg5 Rxg6 43. Bxg6 Be8 44. Nc2 a5 45. f4 Rb7 46. f5 Bxg6 47. fxg6 Rg7 48.
Kd2 Qg8 49. Kc1 Rxg6 50. Qe7 Rg7 51. Qf6 Rg6 52. Qh4 Rg4 53. Qh6 Rg6 54. Qf8
Qxf8 55. Bxf8 Rg3 56. Kb2 Rg2 57. Be7 Kd7 58. Bc5 Kc6 59. Be7 Kd7 60. Bf8 Kc6
61. Kc1 Rg3 62. Kb2 Rg2 63. Bh6 b4 64. Kb1 Kb5 65. Bf8 Rg3 66. cxb4 axb4 67.
Kb2 Ka4 68. Kb1 Kb3 69. Bxb4 Rg2 70. Ne1 Rg1 71. Bd2 c3 72. Kc1 cxd2+ 73. Kxd2
Rxe1
0-1

[Event "Oslo Chess Festival 2017 "]
[Site "Quality Hotel Expo, Fornebu"]
[Date "2017.09.29"]
[Round "2"]
[White "Vitenberg, Noam Aviv"]
[Black "Chu, Wei Chao"]
[Result "0-1"]
[WhiteElo "1989"]
[BlackElo "2340"]
[PlyCount "164"]
[EventDate "2017.??.??"]

1. d4 Nf6 2. c4 c5 3. d5 e6 4. Nc3 exd5 5. cxd5 d6 6. e4 g6 7. h3 Bg7 8. Nf3
O-O 9. Bd3 a6 10. a4 Nbd7 11. O-O Ne8 12. Bf4 Qe7 13. a5 Rb8 14. Qe2 Nc7 15.
Nd1 b5 16. axb6 Rxb6 17. Re1 Re8 18. Qc2 Ne5 19. Nxe5 Bxe5 20. Bxe5 Qxe5 21.
Re2 Nb5 22. Bxb5 axb5 23. Ra8 Ra6 24. Rxa6 Bxa6 25. b4 Rc8 26. Qa2 Ra8 27. Qb2
Qxb2 28. Rxb2 Bc8 29. Nc3 Bd7 30. Ra2 Rc8 31. Ne2 cxb4 32. f3 b3 33. Ra1 b2 34.
Rb1 Rc2 35. Kf2 b4 36. Ke3 f5 37. g4 fxe4 38. fxe4 Kg7 39. Kd3 b3 40. Nd4 Rh2
41. Nxb3 Rxh3+ 42. Kc4 Re3 43. Nd2 Bxg4 44. Kd4 Re2 45. Rxb2 h5 46. Rb7+ Kh6
47. Nc4 h4 48. Nxd6 h3 49. Nf7+ Kh5 50. Ne5 h2 51. Rh7+ Kg5 52. Nxg4 Kxg4 53.
Kd3 Ra2 54. d6 Ra3+ 55. Kd2 Rh3 56. Rxh3 Kxh3 57. d7 h1=Q 58. d8=Q Qxe4 59.
Qh8+ Kg3 60. Qc3+ Qf3 61. Qg7 Qf4+ 62. Ke2 g5 63. Qc3+ Kh2 64. Qh8+ Kg2 65.
Qa8+ Kg3 66. Qa3+ Kh2 67. Qe7 g4 68. Ke1 g3 69. Qh7+ Kg1 70. Qg6 Qe3+ 71. Kd1
g2 72. Qf5 Kh2 73. Qh5+ Kg3 74. Qg6+ Kf2 75. Qc2+ Kf1 76. Qc4+ Kg1 77. Qg4 Qf2
78. Qh3 Qd4+ 79. Ke1 Qe4+ 80. Kd2 Kf2 81. Qh2 Qe3+ 82. Kd1 Qg3
0-1

[Event "Oslo Chess Festival 2017 "]
[Site "Quality Hotel Expo, Fornebu"]
[Date "2017.09.29"]
[Round "2"]
[White "Efroimski, Marsel"]
[Black "Ilyes, Peter"]
[Result "1-0"]
[WhiteElo "2331"]
[BlackElo "1996"]
[PlyCount "91"]
[EventDate "2017.??.??"]

1. e4 e6 2. d4 d5 3. Nd2 dxe4 4. Nxe4 Nd7 5. Nf3 Ngf6 6. Nxf6+ Nxf6 7. Bd3 c5
8. Be3 Qb6 9. Ne5 cxd4 10. Bxd4 Bc5 11. Bxc5 Qxc5 12. Qe2 Qa5+ 13. c3 a6 14.
O-O O-O 15. c4 Qc5 16. Rac1 Nd7 17. Nf3 a5 18. Rfe1 Qh5 19. Qd2 b6 20. Re4 Nf6
21. Re5 Qh6 22. Qxh6 gxh6 23. Rb5 Nd7 24. Rh5 Kg7 25. Re1 Nc5 26. Re3 f5 27.
Ne5 f4 28. Reh3 Nxd3 29. Rxd3 Rf5 30. Rxf5 exf5 31. Rd6 Rb8 32. Rd8 Ra8 33. Nd3
f3 34. gxf3 Bb7 35. Rd7+ Kg6 36. Rxb7 Rd8 37. Nf4+ Kf6 38. Rxb6+ Ke5 39. Nd5
Kd4 40. b3 Re8 41. Kf1 Kd3 42. Rxh6 Kd2 43. Rxh7 Re1+ 44. Kg2 Ra1 45. a4 Ra3
46. Rb7
1-0

[Event "Oslo Chess Festival 2017 "]
[Site "Quality Hotel Expo, Fornebu"]
[Date "2017.09.29"]
[Round "2"]
[White "Taksrud, Vidar"]
[Black "Mikalsen, Erlend"]
[Result "1/2-1/2"]
[WhiteElo "1983"]
[BlackElo "2322"]
[PlyCount "52"]
[EventDate "2017.??.??"]

1. Nc3 d5 2. d4 Nf6 3. Bg5 Nbd7 4. e3 e6 5. Nf3 a6 6. Be2 Be7 7. O-O c5 8. a4
O-O 9. Re1 b6 10. Bf1 Bb7 11. Ne2 b5 12. Ng3 b4 13. c3 h6 14. Bxf6 Nxf6 15.
cxb4 cxb4 16. Ne5 Rc8 17. Rc1 Rxc1 18. Qxc1 Qa5 19. Nc6 Qc7 20. Nxe7+ Qxe7 21.
Qd2 h5 22. f3 a5 23. Rc1 h4 24. Ne2 Qd7 25. b3 Rc8 26. Rxc8+ Qxc8
1/2-1/2

[Event "Oslo Chess Festival 2017 "]
[Site "Quality Hotel Expo, Fornebu"]
[Date "2017.09.29"]
[Round "2"]
[White "Risting, Eivind Olav"]
[Black "Smeby, Ole"]
[Result "1-0"]
[WhiteElo "2322"]
[BlackElo "1985"]
[PlyCount "83"]
[EventDate "2017.??.??"]

1. e4 d5 2. exd5 Qxd5 3. Nc3 Qa5 4. d4 c6 5. Nf3 Bg4 6. h3 Bxf3 7. Qxf3 Nf6 8.
Bd2 Qc7 9. O-O-O e6 10. Kb1 Bd6 11. g4 h6 12. h4 Nbd7 13. g5 hxg5 14. hxg5 Rxh1
15. Qxh1 Nd5 16. Nxd5 cxd5 17. Qh8+ Bf8 18. Qg8 Qh2 19. Bb5 Qh5 20. Rc1 O-O-O
21. Be3 a6 22. Bd3 Be7 23. Qxg7 Bf8 24. Qh7 Qxh7 25. Bxh7 Bg7 26. Bd3 Rh8 27.
c3 Rh4 28. Rg1 Kc7 29. Rg3 Kd6 30. f4 Nb6 31. b3 Rh2 32. Rf3 Ke7 33. f5 exf5
34. Bxf5 f6 35. Bf4 Rg2 36. Bc7 Nd7 37. Re3+ Kf7 38. g6+ Rxg6 39. Bxd7 Rg2 40.
Be6+ Kg6 41. Bxd5 Rg1+ 42. Kc2
1-0

[Event "Oslo Chess Festival 2017 "]
[Site "Quality Hotel Expo, Fornebu"]
[Date "2017.09.29"]
[Round "2"]
[White "Wetle Hoem, Tor"]
[Black "Gabrielsen, Stig"]
[Result "0-1"]
[WhiteElo "1965"]
[BlackElo "2314"]
[PlyCount "78"]
[EventDate "2017.??.??"]

1. d4 Nf6 2. c4 e6 3. Nf3 Bb4+ 4. Bd2 a5 5. Qc2 d6 6. Nc3 Nbd7 7. a3 Bxc3 8.
Bxc3 Qe7 9. Rd1 O-O 10. g3 e5 11. dxe5 dxe5 12. Bg2 Qc5 13. Nd2 Re8 14. O-O Qb6
15. b4 axb4 16. axb4 c5 17. b5 Nf8 18. Ra1 Rxa1 19. Rxa1 Qc7 20. Ra7 Ne6 21.
Ne4 Nxe4 22. Bxe4 h6 23. h4 Nd4 24. Qd3 f5 25. Bd5+ Kh8 26. Bxd4 cxd4 27. Qf3
e4 28. Qh5 Rf8 29. Ra8 Qe7 30. Rxc8 Rxc8 31. Qxf5 Re8 32. h5 b6 33. Qg6 Qe5 34.
Qxb6 e3 35. f4 Qxh5 36. Qc6 d3 37. Bf3 Qf7 38. Bd5 Qe7 39. Kf1 d2
0-1

[Event "Oslo Chess Festival 2017 "]
[Site "Quality Hotel Expo, Fornebu"]
[Date "2017.09.29"]
[Round "2"]
[White "Tryggestad, Andreas G"]
[Black "Larsen, Ulrik"]
[Result "1-0"]
[WhiteElo "2302"]
[BlackElo "1975"]
[PlyCount "65"]
[EventDate "2017.??.??"]

1. Nf3 Nf6 2. g3 g6 3. b3 Bg7 4. Bb2 O-O 5. Bg2 d6 6. O-O e5 7. d3 Nc6 8. c4
Bd7 9. Nbd2 Ne8 10. a3 a5 11. Qc2 f5 12. Bc3 Nd4 13. Nxd4 exd4 14. Bb2 Bc6 15.
Nf3 Bxf3 16. Bxf3 c5 17. Bxb7 Rb8 18. Bd5+ Kh8 19. Bc1 Nc7 20. Bd2 Nxd5 21.
cxd5 f4 22. Rab1 Qg5 23. Bxa5 Qxd5 24. Bd2 Qg5 25. b4 Rbe8 26. Qc1 Rxe2 27.
Bxf4 Qd5 28. b5 Qf3 29. b6 Be5 30. Bxe5+ dxe5 31. Qxc5 Rf7 32. b7 Rxf2 33.
Qxe5+
1-0

[Event "Oslo Chess Festival 2017 "]
[Site "Quality Hotel Expo, Fornebu"]
[Date "2017.09.29"]
[Round "2"]
[White "Greibrokk, Ingrid"]
[Black "Kvisvik, Brede Alex."]
[Result "0-1"]
[WhiteElo "1820"]
[BlackElo "2296"]
[PlyCount "120"]
[EventDate "2017.??.??"]

1. c4 c5 2. g3 e5 3. Bg2 Nc6 4. Nc3 g6 5. b3 Bg7 6. Bb2 Nge7 7. e3 O-O 8. Nge2
d6 9. O-O Be6 10. d4 exd4 11. exd4 cxd4 12. Nb5 d3 13. Ned4 Nxd4 14. Bxd4 d5
15. Bxg7 Kxg7 16. cxd5 Bxd5 17. Bxd5 Qxd5 18. Nc7 Qd4 19. Nxa8 Rxa8 20. Qd2 Rd8
21. Rfd1 Nc6 22. Rac1 Kg8 23. Qf4 Qd5 24. Qc4 Qf3 25. Qf4 Qd5 26. Qc4 Qd7 27.
Qe4 Qd6 28. Rc3 Ne5 29. h3 b5 30. f4 b4 31. Rcc1 Qb6+ 32. Kg2 Nd7 33. Qxd3 Re8
34. Rc2 Nf6 35. Qd6 Qe3 36. Qd4 Qe7 37. Kh2 Nh5 38. Qe5 Qxe5 39. fxe5 Rxe5 40.
Rd4 a5 41. Rdc4 Re3 42. g4 Ng3 43. Rc5 Ne2 44. Rxa5 Nf4 45. Rc4 Rxh3+ 46. Kg1
Nd3 47. Kg2 Re3 48. g5 Kg7 49. Ra7 Re5 50. Rd4 Rxg5+ 51. Kf1 Rf5+ 52. Kg1 Ne5
53. Re4 h5 54. Rb7 Nd3 55. Rd4 Rf3 56. Rbd7 Ne5 57. Rb7 Rc3 58. Rbxb4 Rc1+ 59.
Kg2 Rc2+ 60. Kf1 Nc6
0-1

[Event "Oslo Chess Festival 2017 "]
[Site "Quality Hotel Expo, Fornebu"]
[Date "2017.09.29"]
[Round "2"]
[White "Lindblom, Roar"]
[Black "Dolzhykova, Kateryna"]
[Result "0-1"]
[WhiteElo "1940"]
[BlackElo "2270"]
[PlyCount "58"]
[EventDate "2017.??.??"]

1. d4 Nf6 2. c4 g6 3. Nc3 Bg7 4. e4 d6 5. f4 O-O 6. Be2 Na6 7. Nf3 e5 8. fxe5
dxe5 9. Nxe5 c5 10. Be3 cxd4 11. Bxd4 Ng4 12. Nf3 Bxd4 13. Qxd4 Nb4 14. Rc1 Qa5
15. O-O Nc6 16. Qd5 Qb6+ 17. c5 Qxb2 18. Qg5 Qb4 19. h3 h6 20. Qf4 Qxc5+ 21.
Kh1 Qe3 22. Qg3 Nf6 23. Bc4 Kg7 24. Rfe1 Qc5 25. Bb3 Nh5 26. Qh4 Ne5 27. Nxe5
Qxe5 28. Nd5 Ng3+ 29. Kg1 g5
0-1

[Event "Oslo Chess Festival 2017 "]
[Site "Quality Hotel Expo, Fornebu"]
[Date "2017.09.29"]
[Round "2"]
[White "Kalkman De Koster, Franzke"]
[Black "Kleinert, Juergen"]
[Result "0-1"]
[WhiteElo "1538"]
[BlackElo "1918"]
[PlyCount "60"]
[EventDate "2017.??.??"]

1. d4 d5 2. c4 dxc4 3. e4 b5 4. Nc3 a6 5. a4 b4 6. Na2 e6 7. Bxc4 Bb7 8. d5
exd5 9. exd5 Bc5 10. Be3 Bxe3 11. Qe2 Qe7 12. Qxe3 a5 13. Nf3 Nd7 14. O-O Qxe3
15. fxe3 Ngf6 16. Rad1 O-O 17. Rd4 Nb6 18. d6 Nxc4 19. d7 Nxe3 20. Rf2 Nf5 21.
Rf4 Bxf3 22. R4xf3 Nd4 23. Rf4 c5 24. Nc1 Nxd7 25. Nd3 Ne6 26. Rf5 c4 27. Ne5
Nxe5 28. Rxe5 Rfc8 29. Ref5 c3 30. bxc3 bxc3
0-1

[Event "Oslo Chess Festival 2017 "]
[Site "Quality Hotel Expo, Fornebu"]
[Date "2017.09.29"]
[Round "2"]
[White "Nygaard, Karl Magnus"]
[Black "Enersen, Eirik S."]
[Result "1/2-1/2"]
[WhiteElo "1661"]
[BlackElo "1911"]
[PlyCount "84"]
[EventDate "2017.??.??"]

1. d4 d5 2. c4 e6 3. Nc3 Nf6 4. e3 b6 5. Nf3 Bb7 6. Be2 Be7 7. O-O O-O 8. Ne5
Ne4 9. cxd5 exd5 10. Bd3 Nd7 11. Nxd7 Qxd7 12. Qc2 Nxc3 13. Bxh7+ Kh8 14. Bf5
Ne2+ 15. Kh1 Qb5 16. Bd3 Nxd4 17. exd4 Qd7 18. Qe2 Kg8 19. Re1 Bb4 20. Bd2 Bxd2
21. Qxd2 Rfe8 22. Rac1 Rxe1+ 23. Rxe1 Re8 24. b4 Rxe1+ 25. Qxe1 Kf8 26. h3 Qa4
27. Qc3 c6 28. a3 g6 29. Bc2 Qb5 30. Qg3 Qa6 31. a4 Kg7 32. Qe5+ Kh7 33. Qf6
Kg8 34. Qe5 Qf1+ 35. Kh2 Qxf2 36. Bxg6 fxg6 37. Qb8+ Qf8 38. Qxb7 Qf4+ 39. Kh1
Qf1+ 40. Kh2 Qf4+ 41. Kh1 Qf1+ 42. Kh2 Qf4+
1/2-1/2

[Event "Oslo Chess Festival 2017 "]
[Site "Quality Hotel Expo, Fornebu"]
[Date "2017.09.29"]
[Round "2"]
[White "Roque Sola, Andrea"]
[Black "Garcia, Megan Alyssa"]
[Result "1/2-1/2"]
[WhiteElo "1900"]
[BlackElo "1646"]
[PlyCount "158"]
[EventDate "2017.??.??"]

1. c4 e5 2. g3 d5 3. Bg2 Nf6 4. cxd5 Bc5 5. Nc3 O-O 6. d3 Bb4 7. e4 c6 8. dxc6
Nxc6 9. Nge2 Bg4 10. O-O Nd4 11. f3 Bc5 12. Kh1 Bd7 13. Bg5 h6 14. Bxf6 Qxf6
15. Nd5 Qd8 16. b4 Bb6 17. Nec3 Bc6 18. a4 Bxd5 19. Nxd5 a5 20. b5 Bc5 21. f4
f6 22. fxe5 fxe5 23. Qg4 Qd6 24. Ne3 Nb3 25. Nc4 Qe7 26. Rab1 Rxf1+ 27. Rxf1
Rd8 28. Qd1 Nd4 29. Nxa5 Ra8 30. Nb3 Rf8 31. Rxf8+ Qxf8 32. Nxc5 Qxc5 33. Bh3
b6 34. Kg2 Qc3 35. Bd7 Qb2+ 36. Kh3 Qf2 37. Bg4 Kh7 38. Qh1 Kh8 39. Qg2 Qf6 40.
Qg1 Kh7 41. Kg2 g6 42. Qf2 Qe7 43. h4 h5 44. Bd1 Kg7 45. Qd2 Qd6 46. Qc3 Kf6
47. g4 hxg4 48. Bxg4 Kg7 49. Qc8 Qf6 50. Qd7+ Kh8 51. h5 gxh5 52. Qe8+ Kg7 53.
Qxh5 Qf4 54. Be2 Qf6 55. Qg4+ Kf8 56. Kh3 Qf2 57. Qc8+ Kg7 58. Qd7+ Kf8 59.
Qd6+ Kg8 60. Qd8+ Kg7 61. Qe7+ Kg8 62. Qe8+ Kh7 63. Qh5+ Kg8 64. Qg4+ Kf7 65.
Qh5+ Kg8 66. Qg5+ Kf8 67. Bh5 Qf1+ 68. Kh2 Qf2+ 69. Kh3 Qf1+ 70. Qg2 Qxd3+ 71.
Kh2 Qc4 72. Qf2+ Ke7 73. Qh4+ Ke6 74. Bg4+ Kf7 75. Qh7+ Kf6 76. Qh8+ Kg5 77.
Qg7+ Kf4 78. Bf5 Qe2+ 79. Kh3 Qh5+
1/2-1/2

[Event "Oslo Chess Festival 2017 "]
[Site "Quality Hotel Expo, Fornebu"]
[Date "2017.09.29"]
[Round "2"]
[White "Khoo-Thwe, Louis"]
[Black "Abdrlauf, Elham"]
[Result "1-0"]
[WhiteElo "1653"]
[BlackElo "1899"]
[PlyCount "111"]
[EventDate "2017.??.??"]

1. d4 d5 2. Nf3 Nf6 3. c4 dxc4 4. Nc3 e6 5. Bf4 Bb4 6. e3 Nd5 7. Qc2 Nxf4 8.
exf4 Nc6 9. Bxc4 Nxd4 10. Nxd4 Qxd4 11. Qa4+ Bd7 12. Qxb4 O-O-O 13. O-O Qxf4
14. Rac1 Kb8 15. Qb3 Bc6 16. Bb5 Bxb5 17. Nxb5 c6 18. Na3 Rd4 19. Nc4 Qc7 20.
a4 Rhd8 21. a5 Rd3 22. Qb4 R3d4 23. a6 b5 24. Qb3 Rd3 25. Rc3 Rxc3 26. bxc3 Ka8
27. Ne3 Qb6 28. Ra1 Qc5 29. c4 Rb8 30. cxb5 Qxb5 31. Qc3 f6 32. h3 Rb6 33. Ra5
Qb1+ 34. Kh2 Qb4 35. Qa1 Qf4+ 36. Kg1 Qe4 37. Qa2 Rb1+ 38. Kh2 Qf4+ 39. g3 Qe4
40. Ng2 Rc1 41. Qa3 Qb1 42. Qf8+ Qb8 43. Qxg7 Rb1 44. Qd7 Rb6 45. Qxe6 Qc7 46.
Qxf6 Rb8 47. Rc5 Rb6 48. Qf8+ Rb8 49. Qf3 Rb6 50. Qe2 Qd7 51. Nf4 Qc8 52. Ne6
h5 53. Rxh5 Rb1 54. Qe5 c5 55. Rh8 Rb8 56. Qd5+
1-0

[Event "Oslo Chess Festival 2017 "]
[Site "Quality Hotel Expo, Fornebu"]
[Date "2017.09.29"]
[Round "2"]
[White "Nilsen, Tobias Lang"]
[Black "Gaure, Sigurd Lauvås"]
[Result "1-0"]
[WhiteElo "1899"]
[BlackElo "1640"]
[PlyCount "53"]
[EventDate "2017.??.??"]

1. e4 c5 2. Nf3 d6 3. d4 cxd4 4. Nxd4 Nf6 5. Nc3 g6 6. Be3 Bg7 7. f3 O-O 8. Qd2
Nc6 9. g4 d5 10. g5 Nh5 11. Nxd5 e6 12. Nxc6 bxc6 13. Nc3 Qa5 14. Nd1 Qxd2+ 15.
Bxd2 f5 16. Bd3 Bb7 17. Nc3 c5 18. Na4 Rac8 19. Bc4 Rfe8 20. exf5 gxf5 21. Ke2
Bd5 22. Bb5 Re7 23. Rad1 e5 24. Be3 Nf4+ 25. Kf2 Bc6 26. Bxc6 Rxc6 27. Bxc5
1-0

[Event "Oslo Chess Festival 2017 "]
[Site "Quality Hotel Expo, Fornebu"]
[Date "2017.09.29"]
[Round "2"]
[White "Bernstein, Jonas August"]
[Black "Sajjadi, Kimiya"]
[Result "0-1"]
[WhiteElo "1645"]
[BlackElo "1893"]
[PlyCount "138"]
[EventDate "2017.??.??"]

1. d4 Nf6 2. c4 e6 3. Nc3 Bb4 4. Qc2 O-O 5. e4 d5 6. e5 Ne4 7. Bd3 c5 8. Nf3
cxd4 9. Nxd4 Nd7 10. Bf4 Ndc5 11. O-O Bxc3 12. bxc3 Bd7 13. Be2 Ba4 14. Qb2 f5
15. exf6 Qxf6 16. Be3 Bc6 17. Qb4 Na6 18. Qa5 Nb8 19. f3 Nd6 20. cxd5 Bxd5 21.
Qc5 Qe5 22. Bf2 Nd7 23. Qb4 Nf5 24. Rfe1 Nxd4 25. Bxd4 Qg5 26. Kh1 e5 27. Bf2
Nf6 28. Qh4 Qf5 29. c4 Bc6 30. Rad1 e4 31. fxe4 Nxe4 32. Bd4 Nf2+ 33. Bxf2 Qxf2
34. Qxf2 Rxf2 35. Bf3 Rxf3 36. gxf3 Bxf3+ 37. Kg1 Bxd1 38. Rxd1 Rc8 39. Rd4 Rc7
40. Kf2 Kf7 41. Ke3 Kf6 42. Kd3 g5 43. a4 h5 44. h3 Kf5 45. Ke3 Rc5 46. Rd7
Rxc4 47. Rxb7 Rxa4 48. Rh7 Ra3+ 49. Kf2 Rxh3 50. Rxa7 h4 51. Ra4 g4 52. Rb4
Rf3+ 53. Kg2 Re3 54. Kf2 Re4 55. Rb8 g3+ 56. Kf3 Rf4+ 57. Kg2 Rf2+ 58. Kg1 Kg4
59. Rb7 Ra2 60. Rb1 h3 61. Rb4+ Kf5 62. Rb1 Rg2+ 63. Kh1 Rf2 64. Re1 Kf4 65.
Rb1 Rc2 66. Ra1 Kf3 67. Rb1 Rd2 68. Rb3+ Kf2 69. Rb2 g2+
0-1

[Event "Oslo Chess Festival 2017 "]
[Site "Quality Hotel Expo, Fornebu"]
[Date "2017.09.29"]
[Round "2"]
[White "Melaa, Sondre Lillestøl"]
[Black "Eidukas, Paulius"]
[Result "1-0"]
[WhiteElo "1883"]
[BlackElo "1546"]
[PlyCount "103"]
[EventDate "2017.??.??"]

1. e4 e5 2. Nf3 Nc6 3. c3 Nf6 4. d4 exd4 5. e5 Nd5 6. cxd4 d6 7. Bb5 Bd7 8. O-O
Be7 9. exd6 Bxd6 10. Re1+ Be7 11. Bxc6 Bxc6 12. Ne5 O-O 13. Nxc6 bxc6 14. Nd2
c5 15. Ne4 cxd4 16. Qxd4 Nf6 17. Qxd8 Rfxd8 18. Bg5 Nd5 19. Bxe7 Nxe7 20. Rac1
Nd5 21. Red1 Nb4 22. a3 Rxd1+ 23. Rxd1 Na6 24. Rc1 Re8 25. f3 Re6 26. b4 c6 27.
b5 Nb8 28. Ng5 Rd6 29. Re1 Rd8 30. Re7 cxb5 31. Rxf7 Rd7 32. Rf5 Rb7 33. Rc5 g6
34. Ne6 Rb6 35. Rc8+ Kf7 36. Ng5+ Ke7 37. Rc7+ Nd7 38. Rxa7 h6 39. Ne4 Ke6 40.
Kf2 b4 41. axb4 Rxb4 42. Ra6+ Rb6 43. Ra7 Ne5 44. Ra8 Kf7 45. Ke3 g5 46. Kd4
Ng6 47. Ra7+ Ke6 48. Rh7 h5 49. Nxg5+ Kf5 50. Ne4 h4 51. Rf7+ Ke6 52. Rf6+
1-0

[Event "Oslo Chess Festival 2017 "]
[Site "Quality Hotel Expo, Fornebu"]
[Date "2017.09.29"]
[Round "2"]
[White "Tenold, Andreas"]
[Black "Omtvedt, Per"]
[Result "0-1"]
[WhiteElo "1625"]
[BlackElo "1880"]
[PlyCount "50"]
[EventDate "2017.??.??"]

1. e4 Nf6 2. e5 Nd5 3. d4 d6 4. c4 Nb6 5. exd6 exd6 6. Nc3 Be7 7. Be3 O-O 8.
Bd3 Nc6 9. a3 Re8 10. Nge2 Bg4 11. Qc2 g6 12. h3 Bxe2 13. Nxe2 Bg5 14. Bxg5
Qxg5 15. O-O Re7 16. d5 Nb8 17. f4 Qh6 18. Nc3 N8d7 19. Ne4 Qg7 20. f5 Qd4+ 21.
Kh1 Nxc4 22. f6 Ree8 23. Rf3 Qxb2 24. Qxc4 Qxa1+ 25. Rf1 Qxa3
0-1

[Event "Oslo Chess Festival 2017 "]
[Site "Quality Hotel Expo, Fornebu"]
[Date "2017.09.29"]
[Round "2"]
[White "Huse, Sigurd Kjelsbøl"]
[Black "Tunsjø, Axel"]
[Result "0-1"]
[WhiteElo "1876"]
[BlackElo "1519"]
[PlyCount "66"]
[EventDate "2017.??.??"]

1. e4 c5 2. Nf3 e6 3. d4 cxd4 4. Nxd4 a6 5. c4 Bc5 6. Nb3 Ba7 7. Nc3 Nc6 8. Bf4
Nge7 9. Be2 O-O 10. Bd6 f5 11. O-O Rf7 12. Qd3 Bb8 13. Rad1 Bxd6 14. Qxd6 fxe4
15. Nxe4 Nf5 16. Qd2 Nce7 17. Ng5 Rf6 18. c5 h6 19. Ne4 Rf8 20. Nd4 Nxd4 21.
Qxd4 Nf5 22. Qe5 b6 23. Nd6 Nxd6 24. Rxd6 bxc5 25. Qe4 Qc7 26. Qxa8 Qxd6 27.
Bf3 Qb6 28. Qe4 Qxb2 29. a4 d5 30. Qg6 Qf6 31. Qg3 Qg5 32. Qd6 Rxf3 33. h4 Qg6
0-1

[Event "Oslo Chess Festival 2017 "]
[Site "Quality Hotel Expo, Fornebu"]
[Date "2017.09.29"]
[Round "2"]
[White "Gabrielsen, Rasmus Arvola"]
[Black "Holand, Per Fredrik"]
[Result "0-1"]
[WhiteElo "1612"]
[BlackElo "1866"]
[PlyCount "86"]
[EventDate "2017.??.??"]

1. e4 c5 2. Nf3 Nc6 3. d4 cxd4 4. Nxd4 Nf6 5. Nc3 e5 6. Nxc6 bxc6 7. Bd3 Bb4 8.
Bd2 O-O 9. O-O d5 10. Re1 Re8 11. Nxd5 Nxd5 12. exd5 Bxd2 13. Qxd2 cxd5 14.
Rad1 Qb6 15. b3 Bg4 16. Be2 Bxe2 17. Qxe2 Rad8 18. Qh5 g6 19. Qh6 f5 20. Qe3 d4
21. Qd3 Qc5 22. c4 e4 23. Qe2 a5 24. h3 f4 25. Qg4 Qf5 26. Qxf5 gxf5 27. Kf1 d3
28. g3 fxg3 29. fxg3 e3 30. Kg2 e2 31. Rd2 Kg7 32. Kf3 Re4 33. a3 Kf6 34. b4
axb4 35. axb4 Rxc4 36. b5 Rc2 37. Ke3 Rxd2 38. Kxd2 Ke5 39. b6 Ke4 40. b7 Kf3
41. b8=Q Rxb8 42. Kxd3 Rd8+ 43. Kc2 Kf2
0-1

[Event "Oslo Chess Festival 2017 "]
[Site "Quality Hotel Expo, Fornebu"]
[Date "2017.09.29"]
[Round "2"]
[White "Ski, Jonathan K"]
[Black "Vangen, David Luangtep"]
[Result "1-0"]
[WhiteElo "1848"]
[BlackElo "1499"]
[PlyCount "99"]
[EventDate "2017.??.??"]

1. c4 c5 2. Nf3 Nc6 3. g3 e5 4. Nc3 Nf6 5. Bg2 d6 6. O-O Be6 7. d3 Qd7 8. Ng5
h5 9. Nxe6 Qxe6 10. Bg5 Be7 11. Nd5 O-O-O 12. Qa4 Kb8 13. Rab1 Nd7 14. Bxe7
Nxe7 15. b4 cxb4 16. Rxb4 Nc5 17. Qa5 Nc6 18. Qc7+ Ka8 19. Nb6+ axb6 20. Bxc6
bxc6 21. Qxc6+ Nb7 22. Qxb6 Rd7 23. Qa6+ Kb8 24. Rfb1 Qe7 25. Ra4 Rc8 26. Qa7+
Kc7 27. Rxb7+ Kd8 28. Qb6+ Ke8 29. Raa7 Rxb7 30. Rxb7 Qf6 31. a4 Qd8 32. a5
Qxb6 33. Rxb6 Ra8 34. Rb5 Ra7 35. Kf1 Kd7 36. Ke1 g5 37. Kd2 f5 38. Kc3 f4 39.
Kb4 fxg3 40. fxg3 h4 41. Rb6 Kc7 42. Kb5 hxg3 43. hxg3 Ra8 44. a6 Rh8 45. Rb7+
Kc8 46. Kc6 Rh6 47. Rc7+ Kb8 48. Rd7 d5+ 49. Rd6 Rh3 50. Kb6
1-0

[Event "Oslo Chess Festival 2017 "]
[Site "Quality Hotel Expo, Fornebu"]
[Date "2017.09.29"]
[Round "2"]
[White "Nordquelle, Amelia"]
[Black "Grøver, Sigurd Loe"]
[Result "0-1"]
[WhiteElo "1546"]
[BlackElo "1816"]
[PlyCount "53"]
[EventDate "2017.??.??"]

1. d4 d5 2. Bf4 Nf6 3. c4 c5 4. e3 Nc6 5. Nc3 cxd4 6. exd4 Bg4 7. f3 Bf5 8. c5
g6 9. Nge2 Bg7 10. Ng3 Qd7 11. Bb5 O-O 12. O-O Ne8 13. Re1 Be6 14. Kf1 Nc7 15.
Ba4 Rac8 16. b4 Qd8 17. Be3 Nxb4 18. Rb1 a5 19. a3 Nba6 20. Rxb7 Nxc5 21. Ra7
Nxa4 22. Qxa4 Ne8 23. Nce2 Nd6 24. Qxa5 Qxa5 25. Rxa5 Nc4 26. Ra7 Nxe3+ 27. Kf2
0-1